Statistics for Countries with the Highest Rates of Car Theft

Click here to take the quiz!

General Stats

  • This quiz has been taken 53 times
  • The average score is 18 of 25

Answer Stats

RankRateAnswer% Correct
10179.36United Kingdom
96%
6228.92United States of America
96%
3249.76France
94%
15108.70Mexico
92%
14114.91Brazil
88%
5231.46Canada
86%
4232.79Italy
86%
9214.09Australia
84%
2087.01Colombia
82%
8218.65Sweden
82%
11162.58Netherlands
80%
2376.10Norway
78%
13120.70Belgium
76%
16104.91Finland
76%
11171.79New Zealand
76%
1896.18Portugal
76%
2571.23Austria
73%
7227.79Greece
71%
2277.66Ireland
71%
12129.68Chile
67%
1989.61Switzerland
67%
2558.52Uruguay
37%
2472.17Malta
31%
2184.52Cyprus
27%
1797.24Bahamas
18%

Score Distribution

Percentile by Number Answered

Percent of People with Each Score

Your Score History

You have not taken this quiz